| 000 | 00600nam a2200181 a 4500 | ||
|---|---|---|---|
| 001 | 000021346 | ||
| 005 | 20200930011315.0 | ||
| 008 | 100906s1964 pr 000 0 spa d | ||
| 082 |
_aPR863.44 _bR788m |
||
| 100 | 1 |
_aRosa Nieves, Cesareo. _93522 |
|
| 245 | 1 | 0 |
_aMañana sera la esperanza : _bperegrinaje por las veredas de mi mismo. Novela puertorriqueña / _cCesareo Rosa-Nieves. |
| 260 |
_aSan Juan, Puerto Rico : _bCordillera, _c1964. |
||
| 300 |
_a131 p. ; _c19 cm. |
||
| 650 | 4 |
_aNovela puertorriqueña _91185 |
|
| 650 | 4 |
_aLiteratura puertorriqueña _9250 |
|
| 049 | _aBNGR | ||
| 999 |
_c20846 _d20846 |
||
| 040 | _aDO-SdBNP | ||